El terror de sexto "B" / (Registro nro. 11787)

Detalles MARC
000 -LEADER
fixed length control field 01156nam a22003017a 4500
001 - CONTROL NUMBER
control field 000643
003 - CONTROL NUMBER IDENTIFIER
control field DO-SdBNP
005 - DATE AND TIME OF LATEST TRANSACTION
control field 20180208141242.0
007 - PHYSICAL DESCRIPTION FIXED FIELD--GENERAL INFORMATION
fixed length control field 000643
008 - FIXED-LENGTH DATA ELEMENTS--GENERAL INFORMATION
fixed length control field 161104b 1999 sp a ||||| |||| 00| 0 spa d
020 ## - INTERNATIONAL STANDARD BOOK NUMBER
International Standard Book Number 9681905601
040 ## - CATALOGING SOURCE
Original cataloging agency BPMSU
Language of cataloging spa
Transcribing agency BPMSU
100 1# - MAIN ENTRY--PERSONAL NAME
Personal name Reyes, Yolanda,
Dates associated with a name 1959-
245 10 - TITLE STATEMENT
Title El terror de sexto "B" /
Statement of responsibility, etc. Yolanda Reyes ; ilustraciones de Daniel Rabanal.
250 ## - EDITION STATEMENT
Edition statement 5ª reimp.
260 ## - PUBLICATION, DISTRIBUTION, ETC. (IMPRINT)
Place of publication, distribution, etc. Buenos Aires :
Name of publisher, distributor, etc. Alfaguara,
Date of publication, distribution, etc. 1999.
Date of manufacture 5ª reimp. 2006
300 ## - PHYSICAL DESCRIPTION
Extent 74 p. :
Other physical details il. ;
Dimensions 20 cm.
490 1# - SERIES STATEMENT
Series statement Alfaguara infantil.
500 ## - GENERAL NOTE
General note Desde 10 años
500 ## - GENERAL NOTE
General note Incluye datos del autor.
500 ## - GENERAL NOTE
General note Quinta reimpresión: octubre de 2006
505 ## - FORMATTED CONTENTS NOTE
Title Circular para los lectores de estas historias --
-- Frida --
-- El día en que no hubo clase --
-- Un árbol terminantemente prohibido --
-- El terror de Sexto B --
-- Martes a la quinta hora o la clase de gimnasia --
-- Saber perder --
-- Un amor demasiado grande.
700 12 - ADDED ENTRY--PERSONAL NAME
Personal name Rabanal, Daniel,
Dates associated with a name 1949-,
Relator term il.
830 #0 - SERIES ADDED ENTRY--UNIFORM TITLE
Uniform title Alfaguara infantil.
942 ## - ADDED ENTRY ELEMENTS (KOHA)
Source of classification or shelving scheme Dewey Decimal Classification
Koha item type Libros
945 ## - LOCAL PROCESSING INFORMATION (OCLC)
a Inventariado, 2018 /LP
956 ## - LOCAL ELECTRONIC LOCATION AND ACCESS (OCLC)
Host name LOPEREZ
Access number 10
Compression information 20161104
Processor of request BPMSU
Existencias
Withdrawn status Lost status Source of classification or shelving scheme Damaged status Not for loan Collection code Home library Current library Date acquired Source of acquisition Total Checkouts Barcode Date last seen Price effective from Koha item type Copy number
    Dewey Decimal Classification     Colección Infantil General Biblioteca Pública Metropolitana Salomé Ureña Biblioteca Pública Metropolitana Salomé Ureña 11/04/2016 Alfaguara   BPMSU16110076 11/04/2016 11/04/2016 Libros  
    Dewey Decimal Classification     Colección Infantil General Biblioteca Pública Metropolitana Salomé Ureña Biblioteca Pública Metropolitana Salomé Ureña 11/04/2016 Alfaguara   BPMSU16110077 11/04/2016 11/04/2016 Libros ej. 2